000
00281nam a22000977a 4500
008
210927b |||||||| |||| 00| 0 eng d
245
_a
Geosciences and Mining Journal
_b
Series-01
260
_a
Thimphu :
_b
Department of Geology and Mines,
_c
2020.
300
_a
78 p.
_c
24 cm.
942
_2
ddc
999
_c
8897
_d
8898